00211nam a2200073Ia 4500008004100000100002300041245005400064260001900118170617s9999 xx 000 0 und d aSharma & Bharadwaj 0aTheory & Practice of Pharmaceutical Biochemcistry bMeerut Pragati